Species of Salmon - Statistics

General Stats
  • This quiz has been taken 101 times
  • The average score is 5 of 7
Answer Stats
Answer % Correct
Chinook Salmon
85%
Pink Salmon
85%
Sockeye Salmon
79%
Atlantic Salmon
75%
Coho Salmon
73%
Chum Salmon
58%
Masu Salmon
19%
No matching quizzes found
Score Distribution
Percent of People with Each Score
Percentile by Number Answered
Your Score History
You have not taken this quiz